| 000 | 00445 a2200145 4500 | ||
|---|---|---|---|
| 999 |
_c322681 _d322681 |
||
| 001 | 87608 | ||
| 003 | NUST | ||
| 005 | 20180124123205.0 | ||
| 008 | 180124b xxu||||| |||| 00| 0 eng d | ||
| 082 | _a297.1225 FAT | ||
| 100 |
_aRaja Javed Safdar Maj (R); _99693 |
||
| 245 |
_aFahmul Quran 21st century _hArabic - Urdu _bSurath Al Anfaal-8, Al Ahzab-33, Al Mumtahena-60 |
||
| 250 | _a1st | ||
| 260 |
_aKarachi _bAdara Fahmul Quran _c2013 |
||
| 300 | _a84p | ||
| 600 |
_atranslated by Moulana Fateh Muhammad Khan _99694 |
||
| 942 |
_aNUST CAE _cBK _k297.1225 FAT _2ddc |
||